Négy kis tánc és hat magyar népdal partitura : szólamok /

Hlavní autor: Bartók, Béla, 1881-1945
Další autoři: Darvas, Gábor, 1911-1985
Jazyk: Nelze použít, není lingvistický obsah
Vydáno: Budapest : Editio Musica, 1962
Fyzický popis: 1 partitura (12 s.) + 16 hlasů
Hudebniny Hudebniny
Uloženo v:
LEADER 00870ncm a22002172a 4500
001 001261287
003 CZ BrMZK
005 20121026133040.0
007 qu
008 121026s1962 hu |||||||||||||||||zxx d
040 |a BOA001  |b cze 
072 7 |a 785  |x Instrumentální hudba. Symfonická hudba. Hudba pro více nástrojů  |2 Konspekt  |9 9 
100 1 |a Bartók, Béla,  |d 1881-1945  |7 jn19990000488  |4 cmp 
245 1 0 |a Négy kis tánc és hat magyar népdal  |h [hudebnina] :  |b partitura : szólamok /  |c Bartók Béla ; ifjúsági vonószenekarra átírta Dervas Gábor 
260 |a Budapest :  |b Editio Musica,  |c 1962 
300 |a 1 partitura (12 s.) + 16 hlasů 
700 1 |a Darvas, Gábor,  |d 1911-1985  |7 xx0010912  |4 arr 
910 |a BOA001  |b Mus4-0490.226 
990 |a MU 
991 |b 201210 
996 6 |b 2619076150  |c Mus4-0490.226  |l MZK  |r Sklad / do 1 hodiny  |n 0  |w 001295131  |u 000010  |a 1  |e BOA001  |j MZK50  |s P